000
00312nam a22001457a 4500
008
230703b ||||| |||| 00| 0 eng d
020
_a
9780674563255
041
_a
eng
080
_a
61
082
_a
61GIN
100
_a
4
101
_a
MJKP
245
_a
THE MEDICAL TRIANGLE
_c
GINZBERG.E
942
_2
udc
_c
BK
999
_c
60076
_d
60076